Barcelona en la mano : guia de Barcelona y sus alrededores : ilustrada con grabados foto - tipográficos y cinco planos / por J. Roca y Roca guia de Barcelona y sus alrededores :
MARC
| LEADER | 00000nam a2200000Ia 4500 | ||
|---|---|---|---|
| 001 | 13217 | ||
| 008 | 160829s1884 xx 000 0 cat d | ||
| 080 | |a H-2-121 | ||
| 100 | 1 | |a Roca i Roca, Josep, |d 1848-1924 |9 38164 | |
| 245 | |a Barcelona en la mano : |b guia de Barcelona y sus alrededores : |b ilustrada con grabados foto - tipográficos y cinco planos / por J. Roca y Roca | ||
| 260 | |a Barcelona : |b E. López, |c 1884 | ||
| 300 | |a XVI, 375 p. , 79 p. ; |c 14 cm | ||
| 590 | |a Il·lustrada amb gravats i 5 plànols de Barcelona i rodalia. Conté dades referents a tranvies i ferrocarrils, port de Barcelona, estadística de població, descripció de la ciutat, edificis civils, edificis religiosos, edificis militars, monuments, ensenyament, beneficència, asociacions i centres, mercats, activitat productiva a Barcelona, noms de carrers.... | ||
| 590 | |a Exposició: Obrim l'Arxiu 2008 | ||
| 650 | |a Barcelona |x Guies |x S. XIX |9 38165 | ||
| 901 | |a Arxiu | ||
| 942 | |n 1 | ||
| 952 | |0 0 |1 0 |4 0 |6 H2121 |7 1 |9 48306 |a Arxiu |b Arxiu |d 2016-12-01 |l 0 |o H-2-121 |p 13217 |r 2016-12-01 00:00:00 |w 2016-12-01 |y ARXIU | ||
| 999 | |c 52112 |d 52112 | ||